| 000 | 01147cab a2200301 4500 | ||
|---|---|---|---|
| 001 | ABS45721 | ||
| 008 | 090401t1991 xxu||||| |||| 00| 0 eng d | ||
| 035 | _a(Sirsi) u54744 | ||
| 041 | _aeng | ||
| 100 | _aEnglish, R. | ||
| 245 | _aKicking off an identity crisis? | ||
| 260 | _c1991 | ||
| 350 | _a0 | ||
| 490 |
_aLaw Society`s Gazette _v89(1) 8 january 1991, 20-22(2) |
||
| 520 | _aDiscusses "Cambridge Water Co Ltd v Eastern Counties Leather" (1991), in which the plaintiffs claimed that ECL had contaminated the aquifer. The case raises questions of allocating blame for historic pollution, maintaining the "polluter pays" principle and the application of "Rylands v Fletcher" (1868), on which the present case failed in being unable to prove that the contaminating substance was for non-natural use. | ||
| 650 | _aEC LEGISLATION | ||
| 650 | _aFORESEEABILITY | ||
| 650 | _aGREEN ISSUES | ||
| 650 | _aGROUNDWATER | ||
| 650 | _aLANDOWNERS | ||
| 650 | _aLIABILITY | ||
| 650 | _aNEGLIGENCE | ||
| 650 | _aPOLLUTION | ||
| 650 | _aSEEPAGE | ||
| 690 | _aENVIRONMENTAL AND LAND CONSULTANCY | ||
| 942 | _n0 | ||
| 948 | _c04/03/1997 | ||
| 999 |
_c33556 _d33556 |
||